| 000 | 01011nam a22002537a 4500 | ||
|---|---|---|---|
| 999 |
_c63411 _d63411 |
||
| 005 | 20240530110639.0 | ||
| 008 | 171008s2016 ua abk g b 000 0 ara d | ||
| 017 |
_a2015/4474 _bمصر. دار الكتب |
||
| 020 | _a9789777531412 | ||
| 040 |
_aEG-CaGPL _cEG-CaGPL |
||
| 082 | 0 | 4 |
_221 _a302.23 / _bم إ |
| 100 | 0 | _aمنى فتحى عبدالرؤوف عبدالقادر | |
| 245 | 1 | 2 |
_aالاعلام والسيطرة الدولية المتعددة الجنسيات / _cمنى فتحى عبدالرؤوف عبدالقادر |
| 250 | _aط. 1 | ||
| 260 |
_aالاسكندرية : _bمكتبة الوفاء القانونية ، _c2016. |
||
| 300 |
_a502 ص. : _bايض ؛ _c24 سم. |
||
| 504 | _aيشتمل على ارجاعات ببليوجرافية | ||
| 650 | 0 | 7 |
_2qrmak _aالاعلام |
| 650 | 0 | 7 |
_2qrmak _aالاتصال |
| 650 | 0 | 7 |
_2qrmak _aالاعلام السياسى |
| 650 | 0 | 7 |
_2qrmak _aالاحوال السياسية |
| 942 |
_2ddc _cBK |
||